000 00461nam a22001817a 4500
003 CEME
005 20210628203437.0
008 210129b xxu||||| |||| 00| 0 eng d
020 _a969-3-0837-8
040 _c.
082 _a891.4393 ASK
100 _aMuhammad Hassan Askri
_965494
245 _aAskri nama, afsanay and essays
260 _aLAHORE
_bSANG-E-MEEL
_c1998
300 _a638P
650 _aURDU ADAB-AFSANEY.MAZAMEEN
_965495
942 _cBK
_2ddc
999 _c573682
_d573682